000 00321 a2200145 4500
001 177539
020 _a
040 _cMagnum
100 _aGomes, Alvaro Cardoso
240 1 0 _aAprendendo a crescer
_lpor
245 1 0 _aAprendendo a crescer
362 0 _a1899
697 _aMAGNITO: IJ/AVENTURA, CRIANCAS
942 _cBK
999 _c177539
_d177539